000 00587nam a2200205Ia 4500
003 OSt
005 20220926044711.0
006 a|||||r|||| 00| 0
007 ta
008 220923b |||||||| |||| 00| 0 eng d
037 _cGeneral Book
040 _aRTL
_cRTL
_beng
041 _2eng
_aeng
082 _aX415:7:3:N2, F6
100 _aBurtt Phillip
_9349344
245 0 _aRailway rates
_b Principles and problems
490 _aPitman's Transport Library, Ed by Phillip Burtt,4
942 _hX415:7:3:N2, F6
_cGB
_2CC
999 _c675562
_d675562